| 000 | 00510nam a22001697a 4500 | ||
|---|---|---|---|
| 008 | 160905b xxu||||| |||| 00| 0 eng d | ||
| 020 | _a0237512254 | ||
| 050 |
_aPL 8704 _b.K8R6 |
||
| 100 | _aRobert, Shaaban Bin | ||
| 245 |
_aUtubora mkulima/ _cShaaban Robert and Njau Elimo |
||
| 260 |
_aNairobi : _bEvans, _c2009. |
||
| 300 |
_ax, 91p. : _bill. |
||
| 440 |
_aDiwani ya Shaaban _p8 |
||
| 650 |
_aFiction _xSwahili |
||
| 700 | _a Njau Elimo | ||
| 942 |
_2lcc _cAFRICANA _hPL 8704 .K8R6 2009 _062 |
||
| 999 |
_c13742 _d13742 |
||